000 00902nam a22002297a 4500
005 20240530110558.0
008 160320s2012 ua a g 000 0 ara d
017 _a2012/23106
_bمصر . دار الكتب المصرية
020 _a9789774901980
040 _aEG-CaGPL
082 0 4 _221
_a303.64\
_bف ك
100 0 _aفخرى صالح .
245 1 0 _aكتاب الثورات العربية :
_bالمثقفون و السلطة و الشعوب /
_cفخرى صالح .
250 _aط1.
260 _aالقاهرة :
_bدار العين للنشر ،
_c2013 .
300 _a220 ص ؛
_c24 سم .
651 0 _aالعالم العربى
_vمقالات و محاضرات .
651 0 _aالعالم العربى
_xتاريخ
_xالثورات .
651 0 _aالعالم العربى
_xتاريخ
_yالعصر الحديث .
942 _2ddc
_cBK
999 _c62610
_d62610